Catálogo

Beatificación de los siervos de Dios : (Registro nro. 26024)

Detalles MARC
000 -LEADER
fixed length control field 01436cam a2200313 i 4500
001 - CONTROL NUMBER
control field 26024
003 - CONTROL NUMBER IDENTIFIER
control field Mx-PuUPA
005 - DATE AND TIME OF LATEST TRANSACTION
control field 20260312102359.0
008 - FIXED-LENGTH DATA ELEMENTS--GENERAL INFORMATION
fixed length control field 140415s1990 mx a gr 001 0 spa d
040 ## - CATALOGING SOURCE
Transcribing agency Mx-PuUPA
Original cataloging agency Mx-PuUPA
Language of cataloging spa
Modifying agency Mx-PuUPA
Description conventions rda
041 0# - LANGUAGE CODE
Language code of text/sound track or separate title spa
110 2# - MAIN ENTRY--CORPORATE NAME
Corporate name or jurisdiction name as entry element Catholic Church.
Subordinate unit Conferencia del Episcopado Mexicano.
-- Comisión Episcopal de Pastoral Litúrgica de México
9 (RLIN) 6310
Relator term autor
245 ## - TITLE STATEMENT
Title Beatificación de los siervos de Dios :
Remainder of title Juan Diego, Cistóbal, Antonio y Juan José María de Yermo y Parres /
Statement of responsibility, etc. texto preparado por la Comisión Episcopal de Pastoral Litúrgica de México y Comisiones Pro-Beatificación de los nuevos Beatos.
264 #1 - PRODUCTION, PUBLICATION, DISTRIBUTION, MANUFACTURE, AND COPYRIGHT NOTICE
Place of production, publication, distribution, manufacture México, D.F.:
Name of producer, publisher, distributor, manufacturer Insigne y Nacional Basílica de Santa María de Guadalupe,
Date of production, publication, distribution, manufacture, or copyright notice [1990?]
300 ## - PHYSICAL DESCRIPTION
Extent 57 páginas :
Other physical details ilustraciones, música ;
Dimensions 17 cm
336 ## - CONTENT TYPE
Fuente rdacontent
Content type term texto
Content type code txt
337 ## - MEDIA TYPE
Source rdamedia
Media type term sin medio
Media type code n
338 ## - CARRIER TYPE
Source rdacarrier
Carrier type term volumen
Carrier type code nc
500 ## - GENERAL NOTE
General note "Segunda visita pastoral de sus santidad Juan Pablo II a México".-- hoja legal.
600 14 - SUBJECT ADDED ENTRY--PERSONAL NAME
Personal name Cristóbal, Antonio
600 14 - SUBJECT ADDED ENTRY--PERSONAL NAME
Personal name Cristóbal, Juan
600 04 - SUBJECT ADDED ENTRY--PERSONAL NAME
Personal name Juan Diego,
Titles and other words associated with a name Santo
Dates associated with a name 1474-1548
600 14 - SUBJECT ADDED ENTRY--PERSONAL NAME
Personal name Yermo y Parres, José M. de
650 #7 - SUBJECT ADDED ENTRY--TOPICAL TERM
Source of heading or term armarc
Topical term or geographic name entry element Ceremonia de Beatificación
General subdivision Fuentes
710 ## - ADDED ENTRY--CORPORATE NAME
Corporate name or jurisdiction name as entry element Comisiones Pro-Beatificación de los nuevos Beatos
Relator term autor
942 ## - ADDED ENTRY ELEMENTS (KOHA)
Source of classification or shelving scheme Dewey Decimal Classification
Koha item type Libro
Classification part 235.24
Item part B36
Existencias
Withdrawn status Lost status Source of classification or shelving scheme Damaged status Not for loan Collection code Home library Current library Shelving location Date acquired Source of acquisition Total Checkouts Full call number Barcode Date last seen Copy number Price effective from Koha item type
    Dewey Decimal Classification     General Centro de Estudios Guadalupanos Centro de Estudios Guadalupanos Sala general 03/12/2013 Compra   235.24 B36 1990 48576 23/03/2026 Ej.2 03/12/2013 Libro
    Dewey Decimal Classification     General Centro de Estudios Guadalupanos Centro de Estudios Guadalupanos Sala general 03/12/2013 Compra   235.24 B36 1990 48443 23/03/2026   03/12/2013 Libro